| 000 | 00598nam a2200205Ia 4500 | ||
|---|---|---|---|
| 005 | 20250508160942.0 | ||
| 008 | 008 250505s9999 xx 000 0 eng d | ||
| 020 | _a0-03-013216-9 | ||
| 037 | _aTextual | ||
| 040 |
_aFEDL _beng _cFEDL |
||
| 041 |
_aeng _2eng |
||
| 084 |
_a155.413, REE _qFEDL |
||
| 100 | _aReese Hayne W. | ||
| 245 | 0 | _aBasic learning processes in childhood | |
| 260 |
_aNew York, USA _bHolt, Rinehart and Winston _c1976 |
||
| 300 | _axi,174p | ||
| 650 |
_aChild psychology - Learning _9769840 |
||
| 942 |
_cTEXL _h155.413, REE |
||
| 999 |
_c1367588 _d1367588 |
||